000 00760cam a22002291 4500
001 ne 66001098
003 DLC
005 20260227111824.0
008 840111s1963 ua 000 0 arar
010 _ane 66001098
035 _a(OCoLC)10289929
040 _aDLC
_cTxU
_dTxU
_dDLC
042 _apremarc
050 0 0 _aH62
_b.H263
100 1 _aḤasan, ʻAbd al-Bāsiṭ Muḥammad.
245 1 0 _aUṣūl al-baḥth al-ijtimāʻī,
_ctaʼlīf ʻAbd al-Bāsiṭ Muḥammad Ḥasan.
250 _aal-Ṭabʻah 1.
260 _aMiṣr,
_bMaṭbaʻat Lajnat al-Bayān al-ʻArabī,
_c1963.
300 _a440 (i.e. 640) p. ;
_c24 cm.
500 _aName of publisher, Maktabat al-Qāhirah al-ḥadīthah, stamped on t.p.
650 0 _aSocial sciences
_xResearch.
999 _c48959
_d48959